000 00989cam a2200277 a 4500
001 2660
005 20240110093426.0
020 _a0385321988 (hc : alk. paper)
040 _aDLC
_cDLC
_dDLC
_beng
050 0 0 _aPZ7.P2843
_bBr 1996
082 0 0 _a813.54
_220
100 1 _aPaulsen, Gary
245 1 0 _aBrian's winter /
_cGary Paulsen
250 _aFirst Scholastic printing, January 1998
260 _aNew York :
_bScholastic,
_c1996
300 _a133 pages ;
_c20 cm
500 _aCompanion book to: Hatchet and The river.
505 _aZ
520 _aInstead of being rescued from a plane crash, as in the author's book Hatchet, this story portrays what would have happened to Brian had he been forced to survive a winter in the wilderness with only his survival pack and hatchet.
521 _a1140
_bLexile
521 _aZ
_bRaz-Plus
650 1 _aSurvival
_xFiction.
650 1 _aWinter
_xFiction.
906 _a7
_bcbc
_corignew
_d1
_eocip
_f19
_gy-gencatlg
942 _2ddc
_cBK
_n0
999 _c2660
_d2660